01824nam a22001697a 4500999001900000008004100019100002700060245007000087260003500157300003100192520116800223650009701391773003401488906001901522942000701541952010601548 c518563d518563210929b ||||| |||| 00| 0 eng d aTilcsik, Andras929632 aStatistical discrimination and the rationalization of stereotypes aAmerican Sociological Review  a86(1), Feb, 2021: p.93-122 aThe theory of statistical discrimination is a dominant social scientific framework for understanding discrimination in labor markets. To date, the literature has treated this theory as a model that merely explains employer behavior. This article contends that the idea of statistical discrimination, rather than simply providing an explanation, can lead people to view social stereotyping as useful and acceptable and thus help rationalize and justify discriminatory decisions. A preregistered survey experiment with more than 2,000 participants who had managerial experience shows that exposure to statistical discrimination theory strengthened people’s belief in the accuracy of stereotypes, their acceptance of stereotyping, and the extent to which they engaged in gender discrimination in a hiring simulation. Reading a critical commentary on the theory mitigated these effects. These findings imply that theories of discrimination, and the language associated with them, can rationalize—or challenge the rationality of—stereotypes and discrimination and, as a result, shape the attitudes and actions of decision-makers in labor markets. – Reproduced  aDiscrimination, Stereotypes, Labor markets, Gender, race, Social theories, Economics 927812 aAmerican Sociological Review  aLABOUR MARKETS cAR 00102ddc40709392632aIIPAbIIPAd2021-09-29h86(1), Feb, 2021: p.93-122pAR125693r2021-09-29yAR